Music Quiz

Random Music or Artist Quiz
Score 0/19 Timer 04:00
0 Plays Today
% Correct
Paul McCartney
91.7%
Stevie Wonder
89.6%
Tina Turner
89.6%
Diana Ross
72.9%
Ed Sheeran
70.8%
Tony Bennett
70.8%
One Direction
69.8%
Bob Geldof
54.2%
Usher
52.1%
Robbie Williams
51%
% Correct
Akon
47.9%
Nicole Scherzinger
45.8%
Enrique Iglesias
39.6%
Fergie
37.5%
Olly Murs
36.5%
Ellie Goulding
32.3%
Al Jarreau
27.1%
Underworld
15.6%
Natasha Bedingfield
12.5%
Remove Ads.
Support Sporcle.
Get the best of Sporcle when you Go Orange. This ad-free experience offers more features, more stats, and more fun while also helping to support Sporcle. Thank you for becoming a member.

You're not logged in!

Compare scores with friends on all Sporcle quizzes.
OR
Log In

Show Comments

Extras

Top Quizzes Today


Score Distribution

Your Account Isn't Verified!

In order to create a playlist on Sporcle, you need to verify the email address you used during registration. Go to your Sporcle Settings to finish the process.

Report this User

Report this user for behavior that violates our Community Guidelines.

Details: